No vaya a ser - Pablo Alborán (Letra / Lirycs) - Estadísticas

Estadísticas generales
  • Esta prueba ha sido intentada 77 veces
  • La puntuación promedio es 179 de 230
Estadísticas de respuestas
Respuesta % Correcto
a
100%
A
100%
No
100%
no
100%
se
100%
vaya
98%
a ser
96%
me
96%
Que
96%
que
96%
ser
96%
te
96%
Te
96%
y
96%
Y
96%
de
91%
De
91%
en
91%
ti
91%
vuelva
91%
enamore
85%
ir
85%
quiera
85%
otra
84%
perder
84%
vez
84%
aún
82%
equivoque
82%
más
82%
vuelvas
80%
caiga
78%
el
71%
El
71%
Tu
65%
65%
La
64%
mi
60%
Mi
60%
Si
56%
las
51%
le
49%
para
49%
hay
47%
al
44%
corazón
44%
vida
44%
yo
44%
amar
40%
forma
40%
reglas
40%
pretendo
36%
Solo
36%
vas
36%
verdad
36%
adiós
35%
entenderé
35%
hace
35%
mejor
35%
otro
35%
bien
33%
hambre
33%
juro
33%
Pero
33%
quién
33%
tiempo
33%
vienes
33%
ya
33%
acertar
31%
llevar
31%
perdonar
31%
quedar
31%
cruz
29%
dio
29%
intenté
29%
juega
29%
ni
29%
olvida
29%
piel
29%
tienes
29%
busques
27%
Espero
27%
marear
27%
salida
27%
alerto
25%
borra
25%
despedida
25%
Vacío
25%
verte
25%
esconde
24%
mordidas
24%
rabia
24%
tanta
24%
papel
22%
No se encontraron pruebas coincidentes
Distribución de puntuación
Porcentaje de gente con cada puntuación
Porcentaje por número respondido
Historial de tus puntuaciones
No has intentado esta prueba.